[Event "DVM U20 2014"]
[Site "Naumburg (Saale) GER"]
[Date "2014.12.28"]
[Round "3"]
[White "Pauly, Carlo"]
[Black "Zimmermann, Ulrich"]
[Result "1-0"]
[Termination "normal"]
[Board "1.1"]
[WhiteElo "2173"]
[BlackElo "2345"]
[WhiteClock "00:48:35"]
[BlackClock "00:45:54"]
[WhiteTeam "SG Porz"]
[BlackTeam "SK Bebenhausen"]
[PlyCount "53"]
[WhiteFideId "24673269"]
[BlackFideId "24654523"]
[EventCountry "GER"]
[EventRounds "7"]
[EventType "team-swiss"]
[EventDate "2014.12.26"]

1. d4 d5 2. c4 dxc4 3. e4 Nf6 4. e5 Nd5 5. Bxc4 Nb6 6. Bb3 Bf5 7. Nc3 e6 8.
Nge2 Be7 9. O-O c6 10. Ng3 Bg6 11. f4 O-O 12. f5 exf5 13. Nxf5 N8d7 14. Ne4 a5
15. Nxe7+ Qxe7 16. Bg5 Qe8 17. Nd6 Qb8 18. h4 a4 19. h5 axb3 20. hxg6 f6 21.
Qxb3+ Nd5 22. Qh3 hxg6 23. Qe6+ Kh7 24. Rf3 Nf4 25. Bxf4 g5 26. Rh3+ Kg6 27.
Qf5# 1-0

[Event "DVM U20 2014"]
[Site "Naumburg (Saale) GER"]
[Date "2014.12.28"]
[Round "3"]
[White "Braun, Georg"]
[Black "Xu, Xianliang"]
[Result "1-0"]
[Termination "normal"]
[Board "1.2"]
[WhiteElo "2229"]
[BlackElo "2113"]
[WhiteClock "00:13:14"]
[BlackClock "00:05:39"]
[WhiteTeam "SK Bebenhausen"]
[BlackTeam "SG Porz"]
[PlyCount "149"]
[WhiteFideId "24629383"]
[BlackFideId "4603230"]
[EventCountry "GER"]
[EventRounds "7"]
[EventType "team-swiss"]
[EventDate "2014.12.26"]

1. e4 c5 2. Nf3 a6 3. c4 e6 4. Nc3 Qc7 5. d4 cxd4 6. Nxd4 Nf6 7. a3 Be7 8. Be3
d6 9. Rc1 Nbd7 10. Be2 b6 11. O-O Bb7 12. f3 O-O 13. b4 Rac8 14. Qb3 Qb8 15.
Rfd1 Rfe8 16. Bf1 Bd8 17. Kh1 Bc7 18. Bg1 Qa8 19. Nc2 Red8 20. Rd2 Qb8 21. Rcd1
h6 22. Re1 Qa8 23. Red1 Qb8 24. Ne3 Qa8 25. Bf2 Qb8 26. Bg1 Qa8 27. Be2 Qb8 28.
Qb1 Qa8 29. Bf2 Qb8 30. Bg3 Nf8 31. Bh4 g5 32. Bg3 Ng6 33. Nf1 Nh5 34. Bf2 Nf6
35. Bd4 Nd7 36. Qb3 Qa8 37. Ng3 Nf4 38. Bf1 Qb8 39. Be3 Nf6 40. Qb2 N6h5 41.
Nxh5 Nxh5 42. Bg1 Rf8 43. Qb3 Rcd8 44. Re1 Rc8 45. Nd1 Bd8 46. Ne3 Bf6 47. Red1
Be5 48. Ng4 Bf4 49. Be3 Rcd8 50. Bxf4 Nxf4 51. Nxh6+ Kg7 52. Ng4 f5 53. Qc3+
Kg6 54. exf5+ exf5 55. Nf2 Qc7 56. Nd3 Nxd3 57. Qxd3 d5 58. cxd5 Rxd5 59. Qe2
Rxd2 60. Rxd2 Qc6 61. Qe7 Rf7 62. Rd6+ Kg7 63. Qxg5+ Kf8 64. Rd8+ Qe8 65. Rxe8+
Kxe8 66. Kg1 a5 67. Qe3+ Re7 68. Qxb6 axb4 69. axb4 Kf7 70. Bc4+ Kg7 71. Qd4+
Kg6 72. Qd6+ Kg5 73. Qxe7+ Kf4 74. g3+ Kxf3 75. Be2# 1-0

[Event "DVM U20 2014"]
[Site "Naumburg (Saale) GER"]
[Date "2014.12.28"]
[Round "3"]
[White "Finke, Kai"]
[Black "Gibicar, Danijel"]
[Result "0-1"]
[Termination "normal"]
[Board "1.3"]
[WhiteElo "2099"]
[BlackElo "2142"]
[WhiteClock "00:01:57"]
[BlackClock "00:06:24"]
[WhiteTeam "SG Porz"]
[BlackTeam "SK Bebenhausen"]
[PlyCount "116"]
[WhiteFideId "1270611"]
[BlackFideId "24660256"]
[EventCountry "GER"]
[EventRounds "7"]
[EventType "team-swiss"]
[EventDate "2014.12.26"]

1. d4 Nf6 2. c4 c5 3. Nf3 cxd4 4. Nxd4 e5 5. Nc2 Nc6 6. Nc3 Bc5 7. Be3 d6 8.
Bxc5 dxc5 9. Qxd8+ Nxd8 10. g3 Be6 11. Ne3 Nc6 12. Bg2 O-O-O 13. Bxc6 bxc6 14.
Na4 Nd7 15. b3 f5 16. Nd1 Rhe8 17. Ndc3 Bf7 18. O-O-O Kc7 19. f3 e4 20. f4 h6
21. h3 Be6 22. Rdg1 h5 23. Nd1 Rf8 24. Nf2 Rf6 25. e3 Rg6 26. h4 Bg8 27. Nh3
Nf6 28. Nxc5 Ng4 29. Re1 Rgd6 30. Re2 Kb6 31. Na4+ Ka5 32. Nb2 c5 33. Nf2 Nf6
34. Rd1 Kb4 35. Red2 Rxd2 36. Rxd2 Rxd2 37. Kxd2 Ka3 38. Na4 Bxc4 39. Nxc5 Bf7
40. Nd1 Kxa2 41. b4 Ka3 42. b5 Bc4 43. Nc3 Kb4 44. Nb7 Ne8 45. Kc2 Bxb5 46.
Nxb5 Kxb5 47. Kb3 a5 48. Nd8 Nc7 49. Nb7 Ne8 50. Nd8 a4+ 51. Kc3 Nc7 52. Nb7
Nd5+ 53. Kd4 a3 54. Nc5 Nxe3 55. Nb3 Kb4 56. Na1 Nf1 57. Nc2+ Kb3 58. Nxa3 Kxa3
0-1

[Event "DVM U20 2014"]
[Site "Naumburg (Saale) GER"]
[Date "2014.12.28"]
[Round "3"]
[White "Eigemann, Julian"]
[Black "Lebeda, Timo"]
[Result "1-0"]
[Termination "normal"]
[Board "1.5"]
[WhiteElo "1913"]
[BlackElo "2094"]
[WhiteClock "00:08:47"]
[BlackClock "00:11:50"]
[WhiteTeam "SG Porz"]
[BlackTeam "SK Bebenhausen"]
[PlyCount "45"]
[WhiteFideId "24666599"]
[BlackFideId "4638565"]
[EventCountry "GER"]
[EventRounds "7"]
[EventType "team-swiss"]
[EventDate "2014.12.26"]

1. Nc3 d5 2. e4 d4 3. Nce2 Nf6 4. Ng3 h5 5. e5 h4 6. exf6 hxg3 7. fxg3 exf6 8.
Bc4 Nc6 9. Qe2+ Ne5 10. Nf3 Bg4 11. Bxf7+ Kxf7 12. Nxe5+ fxe5 13. O-O+ Kg8 14.
Qxg4 d3 15. Qe6+ Kh7 16. Qxe5 b6 17. Qh5+ Kg8 18. Qf7+ Kh7 19. Rf5 Qd4+ 20. Kh1
Qg4 21. Rh5+ Qxh5 22. Qxh5+ Kg8 23. Qd5+ 1-0

[Event "DVM U20 2014"]
[Site "Naumburg (Saale) GER"]
[Date "2014.12.28"]
[Round "3"]
[White "Kean, Christopher"]
[Black "Rahmen, Christian"]
[Result "1-0"]
[Termination "normal"]
[Board "1.6"]
[WhiteElo "2003"]
[BlackElo "1870"]
[WhiteClock "00:33:39"]
[BlackClock "00:11:07"]
[WhiteTeam "SK Bebenhausen"]
[BlackTeam "SG Porz"]
[PlyCount "49"]
[WhiteFideId "1272061"]
[BlackFideId "12901709"]
[EventCountry "GER"]
[EventRounds "7"]
[EventType "team-swiss"]
[EventDate "2014.12.26"]

1. d4 Nf6 2. Bg5 g6 3. Bxf6 exf6 4. c4 Bg7 5. Nc3 O-O 6. e3 d6 7. Bd3 Nc6 8.
Qf3 Re8 9. O-O-O Bd7 10. g4 Nb4 11. Bb1 c6 12. a3 Na6 13. Nge2 b5 14. h4 Nc7
15. h5 Ne6 16. Ne4 Qe7 17. Qg3 d5 18. Nd6 Reb8 19. hxg6 fxg6 20. c5 a5 21. b3
Ng5 22. Qh4 Bh8 23. Bxg6 Bg7 24. Bxh7+ Kf8 25. Nf4 1-0

[Event "DVM U20 2014"]
[Site "Naumburg (Saale) GER"]
[Date "2014.12.28"]
[Round "3"]
[White "Grigorian, Spartak"]
[Black "Keller, Peter"]
[Result "1-0"]
[Termination "normal"]
[Board "2.1"]
[WhiteElo "2244"]
[BlackElo "2057"]
[WhiteClock "00:49:55"]
[BlackClock "00:42:47"]
[WhiteTeam "SK Wildeshausen"]
[BlackTeam "Frankfurter TV 1860"]
[PlyCount "55"]
[WhiteFideId "24661490"]
[BlackFideId "1272105"]
[EventCountry "GER"]
[EventRounds "7"]
[EventType "team-swiss"]
[EventDate "2014.12.26"]

1. d4 d5 2. c4 c6 3. Nf3 Nf6 4. Nc3 dxc4 5. a4 Bf5 6. e3 e6 7. Bxc4 Bb4 8. O-O
O-O 9. Qe2 Bg4 10. Rd1 Qa5 11. Bd2 Nbd7 12. h3 Bh5 13. e4 Rfe8 14. g4 Bg6 15.
e5 Nd5 16. Nxd5 cxd5 17. Bb5 Red8 18. Bg5 f6 19. Bxd7 Rxd7 20. exf6 gxf6 21.
Bxf6 Rf7 22. Qxe6 Kf8 23. Ne5 Re8 24. Nd7+ Rxd7 25. Qxd7 Be7 26. Bxe7+ Rxe7 27.
Qd6 Kf7 28. b4 1-0

[Event "DVM U20 2014"]
[Site "Naumburg (Saale) GER"]
[Date "2014.12.28"]
[Round "3"]
[White "Diyap, Murat"]
[Black "Reuker, Jari"]
[Result "0-1"]
[Termination "normal"]
[Board "2.2"]
[WhiteElo "1981"]
[BlackElo "1903"]
[WhiteClock "00:02:59"]
[BlackClock "00:00:59"]
[WhiteTeam "Frankfurter TV 1860"]
[BlackTeam "SK Wildeshausen"]
[PlyCount "60"]
[WhiteFideId "1272104"]
[BlackFideId "12909300"]
[EventCountry "GER"]
[EventRounds "7"]
[EventType "team-swiss"]
[EventDate "2014.12.26"]

1. e4 c5 2. b3 g6 3. Bb2 Nf6 4. Nc3 Bg7 5. d3 O-O 6. g3 Nc6 7. Nge2 d6 8. Bg2
Rb8 9. f4 Ng4 10. Qd2 Nd4 11. h3 Ne3 12. Nxd4 Nxg2+ 13. Qxg2 Bxd4 14. Qd2 b5
15. O-O-O Bd7 16. Ne2 Bxb2+ 17. Kxb2 a5 18. d4 c4 19. d5 Qb6 20. Qd4 Qa6 21.
Nc1 Rfc8 22. Rh2 b4 23. g4 a4 24. f5 Ra8 25. Kb1 axb3 26. cxb3 Rc5 27. fxg6
hxg6 28. Rf2 cxb3 29. Nxb3 Rc4 30. Qd3 Rac8 0-1

[Event "DVM U20 2014"]
[Site "Naumburg (Saale) GER"]
[Date "2014.12.28"]
[Round "3"]
[White "Peters, Tom"]
[Black "Medvedovski, Michael"]
[Result "1-0"]
[Termination "normal"]
[Board "2.3"]
[WhiteElo "1922"]
[BlackElo "1957"]
[WhiteClock "00:27:35"]
[BlackClock "00:06:42"]
[WhiteTeam "SK Wildeshausen"]
[BlackTeam "Frankfurter TV 1860"]
[PlyCount "91"]
[WhiteFideId "24694444"]
[BlackFideId "24600830"]
[EventCountry "GER"]
[EventRounds "7"]
[EventType "team-swiss"]
[EventDate "2014.12.26"]

1. e4 c5 2. Ne2 Nc6 3. Nbc3 Nf6 4. d4 cxd4 5. Nxd4 e5 6. Ndb5 d6 7. Bg5 a6 8.
Na3 b5 9. Nd5 Be7 10. Bxf6 Bxf6 11. c4 b4 12. Nc2 a5 13. Qf3 Bg5 14. h4 Bxh4
15. Rxh4 Qxh4 16. Nc7+ Ke7 17. Nxa8 Bg4 18. Ne3 Bxf3 19. Nf5+ Kf6 20. Nxh4 Bxe4
21. Nb6 Nd4 22. O-O-O Kg5 23. g3 Rb8 24. Nd5 Bxd5 25. cxd5 Rc8+ 26. Kb1 Kg4 27.
Rd3 f5 28. Ng2 Kg5 29. Ne1 f4 30. Nf3+ Nxf3 31. Rxf3 Rc5 32. gxf4+ exf4 33. Rd3
Kf5 34. Bh3+ Ke4 35. Rd2 Kf3 36. Bf1 g5 37. b3 Rc3 38. Bc4 h5 39. Re2 h4 40.
Re6 h3 41. Rxd6 h2 42. Rh6 Kg2 43. d6 g4 44. Bd5+ f3 45. d7 Rd3 46. d8=Q 1-0

[Event "DVM U20 2014"]
[Site "Naumburg (Saale) GER"]
[Date "2014.12.28"]
[Round "3"]
[White "Pham-Tran, Phuong-Bao"]
[Black "Finke, Maurice"]
[Result "0-1"]
[Termination "normal"]
[Board "2.4"]
[WhiteElo "1788"]
[BlackElo "1989"]
[WhiteClock "00:09:05"]
[BlackClock "00:29:45"]
[WhiteTeam "Frankfurter TV 1860"]
[BlackTeam "SK Wildeshausen"]
[PlyCount "50"]
[WhiteFideId "12939196"]
[BlackFideId "12909580"]
[EventCountry "GER"]
[EventRounds "7"]
[EventType "team-swiss"]
[EventDate "2014.12.26"]

1. Nf3 Nf6 2. g3 c6 3. Bg2 d5 4. c4 dxc4 5. O-O Nbd7 6. Qc2 Nb6 7. Na3 Be6 8.
Ng5 Bg4 9. f3 Bh5 10. Qc3 Nfd5 11. Qc2 e5 12. Ne4 Nb4 13. Qc3 Qd4+ 14. e3 Qxc3
15. dxc3 Nd3 16. Nc2 Be7 17. Nf2 O-O-O 18. b3 f5 19. bxc4 Nxc4 20. e4 Nxf2 21.
Kxf2 fxe4 22. Bh3+ Kb8 23. Ne3 Bc5 24. Be6 Nxe3 25. Bxe3 Rd2+ 0-1

[Event "DVM U20 2014"]
[Site "Naumburg (Saale) GER"]
[Date "2014.12.28"]
[Round "3"]
[White "Schumann, Steffen"]
[Black "Abrahamyan, Arsen"]
[Result "1-0"]
[Termination "normal"]
[Board "2.5"]
[WhiteElo "1828"]
[BlackElo "1759"]
[WhiteClock "00:20:07"]
[BlackClock "00:17:37"]
[WhiteTeam "SK Wildeshausen"]
[BlackTeam "Frankfurter TV 1860"]
[PlyCount "97"]
[WhiteFideId "24686891"]
[BlackFideId "1271755"]
[EventCountry "GER"]
[EventRounds "7"]
[EventType "team-swiss"]
[EventDate "2014.12.26"]

1. e4 e6 2. d4 d5 3. Nd2 Nf6 4. e5 Nfd7 5. Bd3 c5 6. c3 Nc6 7. Ne2 Qb6 8. Nf3
Be7 9. O-O O-O 10. Nf4 cxd4 11. cxd4 Nb4 12. Bb1 f6 13. a3 Na6 14. Qc2 f5 15.
Be3 g5 16. Ne2 g4 17. Ne1 Qc7 18. Qd2 Rf7 19. Bd3 Nf8 20. Bxa6 bxa6 21. Nd3 Ng6
22. Rfc1 Qb6 23. Rc3 Bd7 24. Rac1 Rff8 25. Bg5 Qd8 26. Bxe7 Qxe7 27. Nc5 Rfc8
28. Nxa6 Rxc3 29. Rxc3 Rc8 30. Nb4 Qd8 31. Ng3 Rxc3 32. Qxc3 Qc8 33. Qxc8+ Bxc8
34. Nc6 a6 35. Nh5 Kf7 36. Nf6 Nf8 37. Kf1 Bd7 38. Nd8+ Ke7 39. Nb7 Bb5+ 40.
Ke1 Ng6 41. g3 Nf8 42. Kd2 Bc6 43. Nc5 a5 44. Kc3 f4 45. Nxg4 Ng6 46. Nf6 fxg3
47. fxg3 Nf8 48. Nb3 a4 49. Nc5 1-0

[Event "DVM U20 2014"]
[Site "Naumburg (Saale) GER"]
[Date "2014.12.28"]
[Round "3"]
[White "Miller, Eduard"]
[Black "Uksini, Bardhyl"]
[Result "1-0"]
[Termination "normal"]
[Board "3.2"]
[WhiteElo "2129"]
[BlackElo "2204"]
[WhiteTeam "SC Erlangen"]
[BlackTeam "Hamburger SK von 1830"]
[PlyCount "53"]
[WhiteFideId "24687022"]
[BlackFideId "1628313"]
[EventCountry "GER"]
[EventRounds "7"]
[EventType "team-swiss"]
[EventDate "2014.12.26"]

1. Nf3 Nf6 2. g3 b5 3. Bg2 Bb7 4. O-O e6 5. d3 c5 6. Nbd2 d6 7. Re1 Nbd7 8. e4
Be7 9. c3 O-O 10. Qe2 Qb6 11. a4 a6 12. d4 e5 13. Bf1 cxd4 14. cxd4 exd4 15.
axb5 Ng4 16. Nxd4 Qxd4 17. Qxg4 f5 18. Qe2 fxe4 19. Nxe4 d5 20. Nc3 Rae8 21.
Be3 Qf6 22. Bg2 d4 23. Qc4+ Kh8 24. Bxd4 Ne5 25. Rxe5 Bxg2 26. Kxg2 Qf3+ 27.
Kg1 1-0

[Event "DVM U20 2014"]
[Site "Naumburg (Saale) GER"]
[Date "2014.12.28"]
[Round "3"]
[White "Hinrichs, Lars"]
[Black "Wenninger, Philipp"]
[Result "1/2-1/2"]
[Termination "normal"]
[Board "3.3"]
[WhiteElo "2193"]
[BlackElo "2259"]
[WhiteTeam "Hamburger SK von 1830"]
[BlackTeam "SC Erlangen"]
[PlyCount "106"]
[WhiteFideId "12921769"]
[BlackFideId "4648404"]
[EventCountry "GER"]
[EventRounds "7"]
[EventType "team-swiss"]
[EventDate "2014.12.26"]

1. e4 c6 2. d4 d5 3. Nc3 dxe4 4. Nxe4 Bf5 5. Ng3 Bg6 6. h4 h6 7. Nf3 Nd7 8. h5
Bh7 9. Bd3 Bxd3 10. Qxd3 e6 11. Bd2 Ngf6 12. O-O-O Be7 13. Kb1 O-O 14. Ne4 Nxe4
15. Qxe4 Nf6 16. Qe2 Qd5 17. Be3 b5 18. Nd2 a5 19. g4 a4 20. Rhg1 Nh7 21. f4 b4
22. g5 hxg5 23. fxg5 Nxg5 24. Bxg5 Bxg5 25. Ne4 f6 26. Nxg5 fxg5 27. Rde1 Rf6
28. Qd2 b3 29. Qxg5 bxc2+ 30. Kc1 Qxg5+ 31. Rxg5 Rd8 32. Reg1 Rd7 33. Kxc2 Kh7
34. Kc3 Rf3+ 35. Kc4 Rf4 36. Kc5 Rf5+ 37. Rxf5 exf5 38. Rf1 Rd5+ 39. Kxc6 Rxd4
40. Rxf5 Kh6 41. b3 axb3 42. axb3 Rb4 43. Rb5 Rxb5 44. Kxb5 Kxh5 45. Kc4 g5 46.
b4 g4 47. Kd3 Kh4 48. Ke2 Kh3 49. b5 g3 50. b6 g2 51. b7 g1=Q 52. b8=Q Qh2+ 53.
Qxh2+ Kxh2 1/2-1/2

[Event "DVM U20 2014"]
[Site "Naumburg (Saale) GER"]
[Date "2014.12.28"]
[Round "3"]
[White "Diller, Daniel"]
[Black "Grötzbach, Julian"]
[Result "0-1"]
[Termination "normal"]
[Board "3.4"]
[WhiteElo "1872"]
[BlackElo "2201"]
[WhiteTeam "SC Erlangen"]
[BlackTeam "Hamburger SK von 1830"]
[PlyCount "71"]
[WhiteFideId "12908983"]
[BlackFideId "24600938"]
[EventCountry "GER"]
[EventRounds "7"]
[EventType "team-swiss"]
[EventDate "2014.12.26"]

1. c4 c6 2. g3 d5 3. Nf3 Nf6 4. Bg2 Bg4 5. Ne5 Be6 6. cxd5 Bxd5 7. Nf3 c5 8.
Nc3 Bc6 9. O-O e6 10. d4 Nbd7 11. Qd3 cxd4 12. Nxd4 Bxg2 13. Kxg2 Be7 14. Ndb5
O-O 15. Bf4 a6 16. Na3 b5 17. Nc2 Qb6 18. Qf3 b4 19. Na4 Qb5 20. b3 Nd5 21. Nd4
Qb7 22. Kg1 Bf6 23. Rad1 Rac8 24. Nf5 Qc6 25. Nd6 Rcd8 26. Nc4 Rc8 27. Bd6 Rcd8
28. e4 Nc3 29. Nxc3 Bxc3 30. Qe3 e5 31. Rd5 Bd4 32. Qd3 Nf6 33. Ra5 Ne8 34.
Nxe5 Bxe5 35. Rxa6 Qd7 36. Rd1 0-1

[Event "DVM U20 2014"]
[Site "Naumburg (Saale) GER"]
[Date "2014.12.28"]
[Round "3"]
[White "Riederer, Martin"]
[Black "Zhao, Kevin"]
[Result "1/2-1/2"]
[Termination "normal"]
[Board "3.5"]
[WhiteElo "2061"]
[BlackElo "1907"]
[WhiteTeam "Hamburger SK von 1830"]
[BlackTeam "SC Erlangen"]
[PlyCount "86"]
[WhiteFideId "12903140"]
[BlackFideId "1271884"]
[EventCountry "GER"]
[EventRounds "7"]
[EventType "team-swiss"]
[EventDate "2014.12.26"]

1. d4 e6 2. c4 f5 3. g3 Nf6 4. Bg2 Be7 5. Nf3 O-O 6. O-O d6 7. Nc3 Ne4 8. Nxe4
fxe4 9. Nd2 d5 10. f3 Nc6 11. fxe4 Rxf1+ 12. Nxf1 dxc4 13. Be3 e5 14. d5 Na5
15. Bd2 Bc5+ 16. Kh1 b6 17. Bxa5 bxa5 18. Qa4 Qd6 19. Qe8+ Qf8 20. Qxe5 Bg4 21.
Qf4 Bxe2 22. Re1 Bd3 23. e5 Rb8 24. d6 Qxf4 25. gxf4 cxd6 26. Bd5+ Kf8 27. exd6
Bxd6 28. Ne3 Re8 29. Ng2 Rxe1+ 30. Nxe1 Bxf4 31. Nxd3 cxd3 32. Kg2 d2 33. Bf3
Ke7 34. h3 Kf6 35. Be2 g5 36. Kf3 a4 37. Bd1 a3 38. bxa3 Ke5 39. a4 h5 40. Kf2
h4 41. Bg4 Kd4 42. Ke2 Kc3 43. Kd1 Kb4 1/2-1/2

[Event "DVM U20 2014"]
[Site "Naumburg (Saale) GER"]
[Date "2014.12.28"]
[Round "3"]
[White "Wegmann, Simon"]
[Black "Grötzbach, Daniel"]
[Result "0-1"]
[Termination "normal"]
[Board "3.6"]
[WhiteElo "1712"]
[BlackElo "1930"]
[WhiteTeam "SC Erlangen"]
[BlackTeam "Hamburger SK von 1830"]
[PlyCount "76"]
[WhiteFideId "1270758"]
[BlackFideId "24692166"]
[EventCountry "GER"]
[EventRounds "7"]
[EventType "team-swiss"]
[EventDate "2014.12.26"]

1. e4 c5 2. Na3 Nc6 3. Bb5 g6 4. Nf3 Bg7 5. O-O Nf6 6. Re1 O-O 7. Bxc6 dxc6 8.
h3 Ne8 9. d3 Nc7 10. Rb1 h6 11. Nh2 Ne6 12. f4 Kh7 13. Be3 b5 14. Qd2 Bd4 15.
Kh1 c4 16. Bxd4 Qxd4 17. Nf3 Qd6 18. e5 Qd5 19. Rbd1 cxd3 20. f5 Nc5 21. fxg6+
fxg6 22. cxd3 Bxh3 23. Rf1 Bg4 24. Qe2 Rf4 25. Nc2 Bh5 26. Qe3 Ne6 27. Rf2 c5
28. Rdf1 Raf8 29. Nh2 Rxf2 30. Rxf2 Rxf2 31. Qxf2 g5 32. Qe3 Nf4 33. Ne1 Bg6
34. d4 Qxd4 35. Qa3 Qb4 36. Qg3 Nh5 37. Qf2 Qd4 38. Qe2 Ng3# 0-1

[Event "DVM U20 2014"]
[Site "Naumburg (Saale) GER"]
[Date "2014.12.28"]
[Round "3"]
[White "Neef, Maximilian"]
[Black "Zuferi, Enis"]
[Result "1-0"]
[Termination "normal"]
[Board "4.1"]
[WhiteTitle "FM"]
[WhiteElo "2353"]
[BlackElo "2126"]
[WhiteTeam "USV TU Dresden"]
[BlackTeam "Heilbronner SV"]
[PlyCount "99"]
[WhiteFideId "24692085"]
[BlackFideId "24692530"]
[EventCountry "GER"]
[EventRounds "7"]
[EventType "team-swiss"]
[EventDate "2014.12.26"]

1. Nf3 d5 2. c4 c6 3. e3 Nf6 4. Nc3 e6 5. Qc2 Nbd7 6. b3 Bd6 7. Bb2 a6 8. d4
O-O 9. Be2 Qe7 10. O-O b5 11. e4 dxe4 12. Nxe4 Nxe4 13. Qxe4 Bb7 14. Bd3 Nf6
15. Qh4 h6 16. Rfe1 bxc4 17. bxc4 Ba3 18. Rab1 Rfb8 19. c5 Bb4 20. Re2 Bc8 21.
Ne5 Qc7 22. Bc1 Nd5 23. Reb2 f6 24. Nc4 Bc3 25. Rxb8 Rxb8 26. Rxb8 Qxb8 27. Qh5
Bd7 28. Qg6 f5 29. Nd6 Qf8 30. Be3 Ne7 31. Qg3 g5 32. Bxa6 Nd5 33. Qe5 Qb8 34.
g3 Qb1+ 35. Kg2 Qxa2 36. Bc4 Qa8 37. Bxd5 cxd5 38. h4 Kh7 39. hxg5 hxg5 40.
Bxg5 Qg8 41. Bf6 Bd2 42. Qe2 Bh6 43. Be5 Qg4 44. Qa6 Qd1 45. Qa7 Qa4 46. Qb8
Bg7 47. Bxg7 Kxg7 48. Qd8 Qc6 49. Qe7+ Kg8 50. Nf7 1-0

[Event "DVM U20 2014"]
[Site "Naumburg (Saale) GER"]
[Date "2014.12.28"]
[Round "3"]
[White "Peng, Xiang-Tobias"]
[Black "Möhn, Hans"]
[Result "1/2-1/2"]
[Termination "normal"]
[Board "4.2"]
[WhiteElo "1987"]
[BlackElo "2273"]
[WhiteTeam "Heilbronner SV"]
[BlackTeam "USV TU Dresden"]
[PlyCount "56"]
[WhiteFideId "12964328"]
[BlackFideId "24647837"]
[EventCountry "GER"]
[EventRounds "7"]
[EventType "team-swiss"]
[EventDate "2014.12.26"]

1. e4 c6 2. Nf3 d5 3. Nc3 Bg4 4. h3 Bh5 5. Be2 e6 6. d4 Bg6 7. exd5 cxd5 8. Bf4
Nc6 9. O-O Nf6 10. Ne5 Nxe5 11. dxe5 Nd7 12. Nxd5 exd5 13. Qxd5 Qb6 14. Bb5 Bf5
15. Rad1 Rd8 16. Be3 Qc7 17. Bxa7 b6 18. e6 Bxe6 19. Rfe1 Be7 20. Rxe6 fxe6 21.
Qxe6 Kf8 22. Bxd7 Qxa7 23. Rd3 Bf6 24. Qd6+ Kf7 25. Qe6+ Kg6 26. Qf5+ Kf7 27.
Qe6+ Kg6 28. Qf5+ Kf7 1/2-1/2

[Event "DVM U20 2014"]
[Site "Naumburg (Saale) GER"]
[Date "2014.12.28"]
[Round "3"]
[White "Biefel, Christian"]
[Black "Scholz, Robert"]
[Result "1/2-1/2"]
[Termination "normal"]
[Board "4.4"]
[WhiteElo "1765"]
[BlackElo "1980"]
[WhiteTeam "Heilbronner SV"]
[BlackTeam "USV TU Dresden"]
[PlyCount "81"]
[WhiteFideId "24692646"]
[BlackFideId "1270301"]
[EventCountry "GER"]
[EventRounds "7"]
[EventType "team-swiss"]
[EventDate "2014.12.26"]

1. c4 e5 2. g3 Nc6 3. Bg2 f5 4. Nc3 Nf6 5. e3 g6 6. Nge2 Bg7 7. d4 d6 8. O-O
O-O 9. b3 Rb8 10. Bb2 Bd7 11. Qd2 Kh8 12. Rfd1 Qe7 13. dxe5 Nxe5 14. Nf4 Bc6
15. Nfd5 Nxd5 16. Nxd5 Qf7 17. Bd4 a6 18. Qc3 Rbc8 19. Re1 Rfe8 20. Rad1 Nd7
21. e4 Bxd5 22. cxd5 Bxd4 23. Qxd4+ Qg7 24. Qb4 fxe4 25. Bh3 Rb8 26. Rxe4 Nc5
27. Rxe8+ Rxe8 28. Re1 Re5 29. Qc3 Rxe1+ 30. Qxe1 Qe5 31. Qd2 Ne4 32. Qh6 Qf6
33. Qe3 Ng5 34. Bg4 Qe5 35. Qc1 Qxd5 36. Qxc7 Nf3+ 37. Bxf3 Qxf3 38. Qxd6 Kg7
39. h4 Kg8 40. Qd7 Qe4 41. Kh2 1/2-1/2

[Event "DVM U20 2014"]
[Site "Naumburg (Saale) GER"]
[Date "2014.12.28"]
[Round "3"]
[White "Thamm, Merlin Jannes"]
[Black "Mikeler, Marcel"]
[Result "1-0"]
[Termination "normal"]
[Board "4.5"]
[WhiteElo "1697"]
[BlackElo "1751"]
[WhiteTeam "USV TU Dresden"]
[BlackTeam "Heilbronner SV"]
[PlyCount "57"]
[WhiteFideId "24695564"]
[BlackFideId "12927856"]
[EventCountry "GER"]
[EventRounds "7"]
[EventType "team-swiss"]
[EventDate "2014.12.26"]

1. e4 e5 2. Nf3 Nc6 3. Bc4 Bc5 4. c3 Nf6 5. d3 d6 6. Nbd2 O-O 7. O-O Be6 8. Qe2
Bb6 9. a4 a5 10. h3 Qd7 11. Bb5 Qe7 12. Nc4 Nd7 13. Ng5 Ba7 14. Kh1 Nc5 15.
Nxe6 Nxe6 16. Bxc6 bxc6 17. Nxa5 Qd7 18. Nc4 f5 19. b4 f4 20. f3 Rf6 21. Rd1
Rh6 22. Qf1 Ng5 23. Ra2 Nxh3 24. gxh3 Rxh3+ 25. Rh2 Rg3 26. d4 Qe6 27. Na5 Qg6
28. Nxc6 Bb6 29. Ne7+ 1-0

[Event "DVM U20 2014"]
[Site "Naumburg (Saale) GER"]
[Date "2014.12.28"]
[Round "3"]
[White "Ignatov, Dmitriy"]
[Black "Schamschurko, Victor"]
[Result "1/2-1/2"]
[Termination "normal"]
[Board "4.6"]
[WhiteElo "1754"]
[BlackElo "1758"]
[WhiteTeam "Heilbronner SV"]
[BlackTeam "USV TU Dresden"]
[PlyCount "54"]
[WhiteFideId "12927872"]
[BlackFideId "24695637"]
[EventCountry "GER"]
[EventRounds "7"]
[EventType "team-swiss"]
[EventDate "2014.12.26"]

1. e4 c5 2. Nf3 Nc6 3. c3 d5 4. exd5 Qxd5 5. d4 Nf6 6. c4 Qe4+ 7. Be3 cxd4 8.
Nxd4 Nxd4 9. Qxd4 e5 10. Qxe4 Nxe4 11. Nd2 Bb4 12. Rd1 Be6 13. Bd3 Nc5 14. Be2
f5 15. a3 Bxd2+ 16. Bxd2 Ne4 17. O-O Nxd2 18. Rxd2 Ke7 19. b4 Rhd8 20. Rfd1
Rxd2 21. Rxd2 Rd8 22. Rxd8 Kxd8 23. c5 Kc7 24. f3 Kc6 25. Kf2 f4 26. Bd3 h6 27.
Be4+ Bd5 1/2-1/2

[Event "DVM U20 2014"]
[Site "Naumburg (Saale) GER"]
[Date "2014.12.28"]
[Round "3"]
[White "Linnemann, Niklas"]
[Black "Hobusch, Jan"]
[Result "0-1"]
[Termination "normal"]
[Board "5.1"]
[WhiteElo "2010"]
[BlackElo "2183"]
[WhiteTeam "TuS Coswig"]
[BlackTeam "SG Solingen"]
[PlyCount "118"]
[WhiteFideId "24695645"]
[BlackFideId "12907634"]
[EventCountry "GER"]
[EventRounds "7"]
[EventType "team-swiss"]
[EventDate "2014.12.26"]

1. e4 c6 2. d4 d5 3. exd5 cxd5 4. Bd3 Nc6 5. c3 Nf6 6. h3 g6 7. Bf4 Bg7 8. Nf3
O-O 9. O-O Bf5 10. Re1 Bxd3 11. Qxd3 Ne4 12. Nbd2 Nxd2 13. Qxd2 Rc8 14. Re2 e6
15. Bh6 a6 16. Ne5 Nxe5 17. dxe5 Rc4 18. Rc1 b5 19. b3 Rc6 20. Bxg7 Kxg7 21.
Qf4 Qe7 22. Re3 Rfc8 23. Rf3 R6c7 24. h4 h5 25. Qd4 Qc5 26. Qd3 d4 27. Qe4 dxc3
28. Rcxc3 Qxc3 29. Rxc3 Rxc3 30. g4 hxg4 31. Qxg4 Rh8 32. Qg5 Rh5 33. Qf6+ Kg8
34. Qd8+ Kh7 35. Qd6 Rf3 36. Qxa6 Rxe5 37. Qb6 Rf4 38. Qa5 Ref5 39. Qd2 Rxh4
40. Qc2 Rhf4 41. a3 Kg8 42. Qc8+ Kg7 43. Qc3+ Kh7 44. Qc2 Rd5 45. Kg2 Rg4+ 46.
Kf3 Rgg5 47. Ke3 Rde5+ 48. Kf3 Ref5+ 49. Ke2 Rh5 50. Qc3 Rh4 51. Qg3 Re4+ 52.
Kf1 Ref4 53. Ke2 g5 54. f3 Kg6 55. Qh3 Rxf3 56. Qh8 Rxb3 57. Qg8+ Kf6 58. Qd8+
Kg7 59. Qd4+ Kg6 0-1